000 00500nam a2200157 i 4500
001 56758
003 ES-MaACL
005 20230906163434.0
007 t|
008 031013s1984 sp ||||1| spa d
110 2 _aLa Rioja (Comunidad Autónoma).
_bDiputación General.
_95467
245 1 3 _aUn año de parlamento riojano /
_cDiputación General de La Rioja.
260 _a[Logroño :
_bs.n.,
_c1984] (
_fGráf. Ochoa)
300 _a31 p. :
_bil. ;
_c29 cm.
852 _aES-MaACL
_j2133-F-16
_bR.106570
999 _c56758
_d56758